| 000 | 00356nam a22001457a 4500 | ||
|---|---|---|---|
| 008 | 210521b ||||| |||| 00| 0 eng d | ||
| 020 | _a9780323045353 | ||
| 041 | _aeng | ||
| 080 |
_217th _a616.31 |
||
| 082 | _a616.31 | ||
| 100 | _a5 | ||
| 101 | _aSTO | ||
| 245 |
_aDental Management of the Medically Compromised Patient _cLittle,J.W |
||
| 942 |
_2udc _cBK |
||
| 999 |
_c57585 _d57585 |
||